000
00287nam a2200109Ia 4500
100
_a
Javaraiah M. N.
245
0
_a
Yugaanthara “A play by Manaja”
264
_b
Bahujana Media Centre
_a
Mysore
300
_a
135
942
_c
IR
999
_c
120800
_d
120800